| 000 | 01414nam0a22003611 4500 | ||
|---|---|---|---|
| 001 | RU\NLR\INFOCOMM_41\5000238140 | ||
| 005 | 20250613085651.0 | ||
| 035 | _a(NLR Aleph) 009038935 | ||
| 090 |
_a9534807 _c9534807 |
||
| 100 | _a20080626d1989 |||y0rusy50 ca | ||
| 101 | 0 |
_aeng _drus |
|
| 102 | _aRU | ||
| 105 | _aa z|||000zy | ||
| 200 | 1 |
_aOn the nature of C (1480) resonance _fN. N. Achasov a. A. A. Kozhevnikov |
|
| 210 |
_aНовосибирск _cИн-т математики СО АН СССР _d1989 |
||
| 215 |
_a25, [7] с. _cил. _d20 см |
||
| 225 | 1 |
_aПрепринт _fАН СССР, Сиб. отд-ние, Ин-т математики _vТФ-N10(169) |
|
| 300 | _aВ вып. дан.: О природе резонанса C(1480) / Н. Н. Ачасов, А. А. Кожевников | ||
| 300 | _aРез. на рус. яз. | ||
| 320 | _aБиблиогр.: с. 24-25 | ||
| 517 | 1 | _aО природе резонанса C(1480) | |
| 606 |
_aЧастицы (физ.) _xРезонанс _2nlr_sh1 |
||
| 686 |
_aВ382.23 _2rubbk |
||
| 700 | 1 |
_9z01790 _aAčasov _bN. N. _gNikolaj Nikolaevič _4070 |
|
| 701 | 1 |
_9z02790 _aKoževnikov _bA. A. _gArkadij Alekseevič _4070 |
|
| 790 | 1 |
_9z01700 _aAchasov _bN. N. _4070 |
|
| 790 | 1 |
_9z02701 _aKozhevnikov _bA. A. _4070 |
|
| 801 | 1 |
_aRU _bNLR _c20080626 |
|
| 801 | 0 |
_aRU _bNLR _gPSBO |
|
| 852 |
_aNLR _jФз01 Д-4/5551 |
||
| 942 | _cBOOK | ||
| 980 | _aNB | ||